[Event "ICS rated standard match"]
[Site "204.178.125.65"]
[Date "1999.11.25"]
[Round "?"]
[White "Hossa"]
[Black "netpi"]
[Result "1/2-1/2"]
[WhiteElo "2259"]
[BlackElo "2449"]
[PlyCount "152"]
[EventDate "1999.??.??"]

1. e4 e5 2. Nf3 Nc6 3. Bb5 a6 4. Ba4 b5 5. Bb3 Nf6 6. d3 d5 7. exd5 Nxd5 8. O-O
Bc5 9. Re1 Be6 10. Nxe5 Bxf2+ 11. Kxf2 Nxe5 12. Kg1 Ng6 13. d4 O-O 14. Nd2 Nf6
15. Nf3 Bxb3 16. axb3 Re8 17. Bg5 Rxe1+ 18. Qxe1 Qd6 19. Bxf6 Qxf6 20. Qe4 Rb8
21. c3 Qd6 22. b4 Qf6 23. Qd5 Rd8 24. Qb7 Qf4 25. Kh1 h6 26. Qxa6 Qf5 27. Qc6
Rc8 28. Qb7 Ne7 29. Ne5 f6 30. Nf3 Kf8 31. Kg1 Qd5 32. Qxd5 Nxd5 33. Ra7 Rb8
34. Kf2 Ke7 35. Nd2 g6 36. Ne4 f5 37. Nc5 Rb6 38. Kf3 g5 39. h3 h5 40. Kf2 h4
41. Ra8 Nf6 42. Kf3 Kd6 43. Ke2 Kd5 44. Ra7 Kd6 45. Ke3 Nd7 46. Na6 Rc6 47. Kd3
Nf6 48. Nc5 Nd5 49. Ke2 g4 50. hxg4 fxg4 51. Kf2 Ke7 52. Ra1 Rf6+ 53. Kg1 h3
54. Re1+ Kf7 55. Nd7 Re6 56. Ne5+ Ke7 57. gxh3 gxh3 58. Kh2 Rh6 59. Ng4+ Re6
60. Rxe6+ Kxe6 61. Kg3 Nb6 62. Nf2 Nc4 63. Nd3 Kf5 64. Kxh3 Ke4 65. Nc5+ Kd5
66. b3 Nd2 67. Kg4 Nb1 68. Na6 Nxc3 69. Nxc7+ Kxd4 70. Kf5 Kd3 71. Ke5 Kc2 72.
Kd4 Kxb3 73. Kc5 Ka4 74. Nxb5 Nxb5 75. Kc4 Nc7 76. b5 76... Nxb5 {
Game drawn because neither player has mating material} 1/2-1/2

[Event "ICS rated blitz match"]
[Site "204.178.125.65"]
[Date "1999.11.25"]
[Round "?"]
[White "Hossa"]
[Black "ThunderLips"]
[Result "1/2-1/2"]
[WhiteElo "2280"]
[BlackElo "2605"]
[PlyCount "77"]
[EventDate "1999.??.??"]

1. e4 e5 2. Nf3 Nc6 3. d4 exd4 4. Nxd4 Nf6 5. Nxc6 bxc6 6. e5 Qe7 7. Qe2 Nd5 8.
c4 Ba6 9. Nd2 O-O-O 10. Qe4 Nb6 11. c5 Bxf1 12. cxb6 Ba6 13. bxa7 Kb7 14. Qe3
c5 15. b4 cxb4 16. Bb2 d5 17. a3 Qd7 18. axb4 Bxb4 19. Ba3 Bxa3 20. Qxa3 Qe6
21. f4 Kxa7 22. Nb3 Qc6 23. Nc5 Ra8 24. Qb4 Rhb8 25. Qd4 Rb6 26. e6 Qb5 27.
Nxa6 Kb7 28. exf7 Rbxa6 29. Rxa6 Kxa6 30. Kf2 Kb7 31. Qxg7 Qb6+ 32. Kf3 h5 33.
Kg3 Qe3+ 34. Kh4 Qxf4+ 35. Kxh5 Qf5+ 36. Kh4 Qe4+ 37. Kh5 Qf5+ 38. Kh4 Qe4+ 39.
Kh5 {Game drawn by mutual agreement} 1/2-1/2

[Event "ICS Rated blitz match"]
[Site "204.178.125.65"]
[Date "1999.11.25"]
[Round "?"]
[White "ThunderLips"]
[Black "Hossa"]
[Result "1/2-1/2"]
[WhiteElo "2593"]
[BlackElo "2292"]
[PlyCount "177"]
[EventDate "1999.??.??"]

1. Nf3 Nf6 2. d4 d5 3. e3 e6 4. Bd3 Nc6 5. O-O Bd6 6. c3 e5 7. dxe5 Nxe5 8.
Nbd2 Nxd3 9. Qc2 Ne5 10. Nxe5 Bxe5 11. c4 c6 12. Nf3 Bd6 13. c5 Be7 14. b4 O-O
15. Bb2 Ne4 16. Nd4 Bg5 17. Rae1 Bh4 18. Rd1 Qe7 19. f3 Nf6 20. Rd3 Re8 21. Ra3
Bg5 22. Bc1 Qc7 23. Rd1 Bh6 24. Bd2 Bd7 25. Qc1 Qe5 26. Qc3 Qh5 27. Qc1 Qg6 28.
Be1 Qg5 29. Rdd3 Nh5 30. g4 Nf6 31. Bg3 Qg6 32. Qc3 Bc8 33. Kf1 Kh8 34. h4 Kg8
35. g5 Bxg5 36. hxg5 Qxg5 37. Qe1 Bf5 38. Rdc3 Bh3+ 39. Ke2 Nh5 40. Bd6 a6 41.
Kd2 a5 42. bxa5 Ra7 43. a6 Bd7 44. axb7 Rxb7 45. Rcb3 Rxb3 46. axb3 Nf6 47. Ra7
Qg2+ 48. Kc1 Qg6 49. Kd2 Qh5 50. Ra6 Qh3 51. Qg1 Kh8 52. Ke2 Rc8 53. Ra7 h6 54.
Be5 Nh5 55. Qf1 Kg8 56. Qxh3 Bxh3 57. Kf2 g5 58. Bc7 Bd7 59. Bd6 Be6 60. Nxe6
fxe6 61. Re7 Ra8 62. Rxe6 Kh7 63. Be5 Rc8 64. b4 d4 65. Bxd4 Rc7 66. Be5 Rb7
67. Rxc6 Rxb4 68. Re6 Rc4 69. c6 Rc2+ 70. Ke1 Rc1+ 71. Kd2 Rc5 72. c7 g4 73.
Re8 gxf3 74. c8=Q Rxc8 75. Rxc8 Kg6 76. e4 Kf7 77. Ke3 Ke6 78. Rc5 f2 79. Kxf2
Kf7 80. Bf4 Nxf4 81. Rf5+ Kg6 82. Rxf4 Kg7 83. Rf3 h5 84. e5 Kh7 85. e6 h4 86.
e7 Kh6 87. e8=Q Kh7 88. Qf7+ Kh8 89. Rh3 {Hossa stalemated} 1/2-1/2

[Event "ICS rated blitz match"]
[Site "204.178.125.65"]
[Date "1999.11.25"]
[Round "?"]
[White "Hossa"]
[Black "ThunderLips"]
[Result "0-1"]
[WhiteElo "2303"]
[BlackElo "2582"]
[PlyCount "92"]
[EventDate "1999.??.??"]

1. e4 d5 2. exd5 Qxd5 3. Nc3 Qa5 4. Nf3 Nf6 5. Bc4 Nbd7 6. Qe2 Nb6 7. Bb3 e6 8.
O-O Bb4 9. Nb5 Nbd5 10. c4 Bd7 11. Nc3 Nf4 12. Qe3 Ng6 13. Nd5 Nxd5 14. cxd5
O-O-O 15. dxe6 Bxe6 16. Bxe6+ fxe6 17. Qxe6+ Kb8 18. d4 Rhe8 19. Qh3 h6 20. Qg4
Rd6 21. a3 h5 22. axb4 Qxa1 23. Qxh5 Qa2 24. Qb5 Rc6 25. Bg5 Qxb2 26. d5 a6 27.
Qa4 Qc2 28. Qa1 Rc4 29. b5 axb5 30. Be3 Nf4 31. Qa7+ Kc8 32. Qa8+ Kd7 33. Qa7
Nxg2 34. Qa1 Rg4 35. h3 Rg6 36. Bg5 Nf4 37. Qa5 Nxh3+ 38. Kg2 Nxg5 39. Nh4 Qe4+
40. f3 Qe2+ 41. Kg3 Ne4+ 42. Kf4 Qh2+ 43. Ke3 Nc5+ 44. Kd4 Qb2+ 45. Kxc5 b6+
46. Qxb6 46... cxb6# {Hossa checkmated} 0-1

[Event "ICS unrated blitz match"]
[Site "204.178.125.65"]
[Date "1999.11.25"]
[Round "?"]
[White "Moron"]
[Black "Hossa"]
[Result "1-0"]
[WhiteElo "2709"]
[BlackElo "2298"]
[PlyCount "141"]
[EventDate "1999.??.??"]

1. e4 d5 2. exd5 Qxd5 3. Nc3 Qa5 4. d4 Nf6 5. Nf3 Nc6 6. Bb5 Bg4 7. Bd2 O-O-O
8. Bxc6 bxc6 9. h3 Bxf3 10. Qxf3 Rxd4 11. O-O-O Qa6 12. Bg5 Rd6 13. Rde1 h6 14.
Bf4 Rd7 15. Be5 Qc4 16. Kb1 Nd5 17. b3 Nxc3+ 18. Bxc3 Qd5 19. Qg4 h5 20. Qg3 f6
21. f4 e6 22. Qe3 Kb8 23. Qxe6 Re7 24. Qxd5 cxd5 25. f5 Rxe1+ 26. Rxe1 Bd6 27.
Bb2 Kb7 28. a4 c5 29. c4 d4 30. Re6 Kc7 31. b4 Rb8 32. b5 Rd8 33. Ba3 Kb6 34.
Kc2 Rd7 35. Kb3 Kb7 36. a5 Rd8 37. a6+ Kb6 38. Kc2 h4 39. Bc1 Kc7 40. Re4 Rh8
41. Bd2 Kc8 42. Be1 Kc7 43. Rxh4 Rxh4 44. Bxh4 Bf4 45. Kd3 Kb6 46. Be1 Be5 47.
Bd2 Bg3 48. Ke4 Bh2 49. h4 Bg3 50. h5 Bh2 51. Kd5 Bg3 52. h6 gxh6 53. Bxh6 d3
54. Ke4 Be5 55. Kxd3 Bd6 56. Ke4 Be5 57. Bf8 Bd4 58. Kd5 Be3 59. Bd6 Bd4 60.
Ke6 Bc3 61. Kd7 Ka5 62. Bc7+ Kb4 63. b6 axb6 64. a7 Kb3 65. a8=Q Kxc4 66. Bxb6
Bd4 67. Qa3 Kd5 68. Qd3 Ke5 69. Bc7+ Kd5 70. Bd6 c4 71. Qf3# {Hossa checkmated}
1-0

[Event "ICS rated blitz match"]
[Site "204.178.125.65"]
[Date "1999.11.25"]
[Round "?"]
[White "Zippy"]
[Black "Hossa"]
[Result "1-0"]
[WhiteElo "2222"]
[BlackElo "2298"]
[PlyCount "119"]
[EventDate "1999.??.??"]

1. e4 e5 2. Nf3 Nc6 3. Bb5 a6 4. Ba4 b5 5. Bb3 Nf6 6. a4 bxa4 7. Bxa4 Bc5 8.
O-O Bb7 9. d3 d6 10. c3 Bb6 11. Nbd2 O-O 12. Nc4 Re8 13. b4 Re6 14. Bb3 d5 15.
exd5 Nxd5 16. Nxb6 cxb6 17. Ng5 Re7 18. Qf3 Nf6 19. Qg3 Rc8 20. Re1 Rcc7 21.
Ne4 Nxe4 22. dxe4 Red7 23. Bg5 Qf8 24. Bf6 Rd6 25. Bxe5 Nxe5 26. Qxe5 Rcd7 27.
Qf5 Bc8 28. Bd5 Rd8 29. Qf4 Rf6 30. Qc7 Qd6 31. Qxd6 Rfxd6 32. c4 Rg6 33. Red1
Kf8 34. f4 Rf6 35. f5 g6 36. g4 g5 37. c5 Rh6 38. c6 Rh4 39. Rd3 Rxg4+ 40. Rg3
Rxg3+ 41. hxg3 h5 42. c7 Rd7 43. Rc1 Kg7 44. Kf2 a5 45. bxa5 bxa5 46. Ke3 a4
47. Rc5 h4 48. gxh4 gxh4 49. Kf4 Rd6 50. e5 Ra6 51. f6+ Kg8 52. Be4 Re6 53. Rd5
Re8 54. Rd8 Rf8 55. Bf5 Bb7 56. Kg5 Bc8 57. Rxc8 Rxc8 58. Bxc8 a3 59. Bf5 h3
60. c8=Q# {Hossa checkmated} 1-0

[Event "ICS unrated blitz match"]
[Site "204.178.125.65"]
[Date "1999.11.25"]
[Round "?"]
[White "Hossa"]
[Black "Moron"]
[Result "0-1"]
[WhiteElo "2279"]
[BlackElo "2711"]
[PlyCount "136"]
[EventDate "1999.??.??"]

1. e4 c5 2. Nf3 e6 3. d4 cxd4 4. Nxd4 Nc6 5. Nb5 d6 6. Bf4 e5 7. Be3 Nf6 8. Bg5
a6 9. N5c3 Be7 10. Nd2 Bg4 11. Be2 Bxe2 12. Qxe2 Nxe4 13. Ndxe4 Bxg5 14. Rd1
Be7 15. Nd5 Nd4 16. Qd3 f5 17. Nd2 O-O 18. Nb3 Nc6 19. O-O Bg5 20. Nc3 g6 21.
Qd5+ Rf7 22. Qxd6 Qxd6 23. Rxd6 Nb4 24. Na1 Rd8 25. Rxd8+ Bxd8 26. Rd1 Bg5 27.
a3 Nc6 28. Nb3 e4 29. Nd5 Ne5 30. Nd4 Nc4 31. Ne6 Nxb2 32. Rd4 Be7 33. a4 b6
34. Ne3 Rf6 35. Nc7 Bc5 36. Rd8+ Rf8 37. Rxf8+ Kxf8 38. Ned5 a5 39. Ne6+ Ke8
40. Nxc5 bxc5 41. Nc3 Nc4 42. Nb5 Kd7 43. h4 Nd2 44. Nc3 Ke6 45. Kh1 Nc4 46.
Nd1 Nb6 47. Nb2 Ke5 48. c3 Nd5 49. Nd1 f4 50. Kg1 Kf5 51. c4 Nb6 52. Nb2 Ke5
53. g3 f3 54. g4 Kd4 55. g5 Nxc4 56. Nxc4 Kxc4 57. Kf1 Kd3 58. h5 gxh5 59. Kg1
c4 60. Kh2 c3 61. Kg3 c2 62. Kf4 c1=Q+ 63. Kf5 e3 64. fxe3 f2 65. Ke6 f1=Q 66.
e4 Qc6+ 67. Ke7 Qc7+ 68. Ke8 68... Qff7# {Hossa checkmated} 0-1

[Event "ICS unrated blitz match"]
[Site "204.178.125.65"]
[Date "1999.11.25"]
[Round "?"]
[White "Moron"]
[Black "Hossa"]
[Result "1-0"]
[WhiteElo "2711"]
[BlackElo "2279"]
[PlyCount "135"]
[EventDate "1999.??.??"]

1. d4 d5 2. e3 e6 3. Bd3 c5 4. c3 Nc6 5. f4 cxd4 6. exd4 Bd6 7. Nf3 Nf6 8. O-O
O-O 9. Ne5 Bd7 10. Be3 Rc8 11. Nd2 Rc7 12. Nb3 Qe7 13. Nxd7 Nxd7 14. Qe2 Rfc8
15. Rae1 Nf6 16. f5 e5 17. dxe5 Qxe5 18. g3 Re7 19. Qg2 Bb8 20. Bd4 Qxe1 21.
Rxe1 Rxe1+ 22. Kf2 Re7 23. Bxf6 gxf6 24. Qh3 Ne5 25. Be2 Nc4 26. Bxc4 Rxc4 27.
Qh6 Rc6 28. Qd2 Re5 29. Nd4 Rb6 30. a4 Bd6 31. a5 Ra6 32. b4 Bb8 33. Nf3 Re7
34. Qxd5 Rd6 35. Qc5 Kg7 36. c4 Rdd7 37. b5 b6 38. axb6 axb6 39. Qc6 Rd6 40.
Qa8 Ba7 41. g4 Rd1 42. g5 fxg5 43. f6+ Kxf6 44. Qg8 h6 45. Qf8 h5 46. Qh6+ Kf5
47. Qxh5 Bb8 48. Qxg5+ Ke6 49. Qg4+ Kf6 50. Qh4+ Ke6 51. Qh3+ f5 52. Qh6+ Kd7
53. Qxb6 Re8 54. Qf6 f4 55. c5 Kc8 56. b6 Re3 57. c6 Red3 58. Qe7 Be5 59. Qb7+
Kd8 60. c7+ Ke7 61. c8=Q+ Rd7 62. Qc5+ R1d6 63. Qxe5+ Kf7 64. Ng5+ Kg8 65. Qa8+
Rd8 66. Qxd6 Rxa8 67. Qg6+ Kh8 68. Nf7# {Hossa checkmated} 1-0

[Event "ICS unrated blitz match"]
[Site "204.178.125.65"]
[Date "1999.11.25"]
[Round "?"]
[White "Hossa"]
[Black "Moron"]
[Result "0-1"]
[WhiteElo "2279"]
[BlackElo "2711"]
[PlyCount "118"]
[EventDate "1999.??.??"]

1. e4 d6 2. d4 Nf6 3. Nc3 g6 4. Nf3 Bg7 5. Bd3 O-O 6. O-O c6 7. e5 dxe5 8. dxe5
Nd5 9. Re1 Nxc3 10. bxc3 Qc7 11. Bf4 Rd8 12. Qd2 Qa5 13. Bg5 Kf8 14. Bh6 Qa3
15. Qg5 Kg8 16. Bxg7 Kxg7 17. c4 Na6 18. Red1 h6 19. Qh4 Rb8 20. Rab1 Re8 21.
Qd4 Nc5 22. Ra1 Be6 23. Be2 Bf5 24. Rd2 Ne6 25. Qe3 Qxe3 26. fxe3 Nc5 27. Nd4
e6 28. g4 Be4 29. Rf1 Red8 30. Rfd1 Rf8 31. Bf3 Bxf3 32. Nxf3 Na4 33. Rf1 Nb2
34. Rd4 c5 35. Rf4 g5 36. Rf6 Nxc4 37. Kf2 Rg8 38. Ke2 Rgd8 39. Rf2 b5 40. Rf1
Rb6 41. h4 gxh4 42. Nxh4 Nxe5 43. R6f4 Rbd6 44. Ke1 Rd1+ 45. Kf2 R1d2+ 46. Kg3
Rxc2 47. Re4 Nc4 48. Ref4 Rd7 49. Rb1 Nxe3 50. Rxb5 Rd3 51. Nf3 Rg2+ 52. Kh3
Rd1 53. Rxf7+ Kxf7 54. Rb7+ Kf6 55. g5+ hxg5 56. Rf7+ Kxf7 57. Ne5+ Kg7 58. Nf3
Rh1+ 59. Nh2 59... Rhxh2# {Hossa checkmated} 0-1

[Event "ICS rated blitz match"]
[Site "204.178.125.65"]
[Date "1999.11.25"]
[Round "?"]
[White "Hossa"]
[Black "Falke"]
[Result "1-0"]
[WhiteElo "2279"]
[BlackElo "2346"]
[PlyCount "119"]
[EventDate "1999.??.??"]

1. d4 Nf6 2. c4 e6 3. Nc3 Bb4 4. e3 O-O 5. Bd3 c5 6. a3 cxd4 7. axb4 dxc3 8.
bxc3 d5 9. Ba3 dxc4 10. Bxc4 Qc7 11. Qb3 Bd7 12. Be2 Ba4 13. Qb2 Rd8 14. Nf3
Bc6 15. O-O Bxf3 16. Bxf3 Nbd7 17. Qc2 Ne5 18. Be2 Neg4 19. g3 Qe5 20. Bf3 Qh5
21. h4 Qb5 22. c4 Qb6 23. c5 Qc7 24. Bb2 a6 25. Qe2 Nh6 26. Bxf6 gxf6 27. Bg2
Rd7 28. Qf3 f5 29. Qh5 Ng4 30. Bh3 Ne5 31. Qg5+ Kf8 32. Qh6+ Kg8 33. Bg2 Qd8
34. Rfc1 Rc8 35. e4 fxe4 36. Bxe4 f6 37. Re1 Rcc7 38. Qh5 Rd2 39. Rad1 h6 40.
Rxd2 Qxd2 41. Qe8+ Kg7 42. Rb1 Qe2 43. Qb8 Rd7 44. Bg2 Nf3+ 45. Bxf3 Qxf3 46.
Re1 e5 47. Qe8 Qd3 48. g4 Rf7 49. g5 Qg6 50. Re3 Qb1+ 51. Kg2 Qg6 52. h5 Qxh5
53. gxh6+ Kxh6 54. Rg3 Qg6 55. Rxg6+ Kxg6 56. Kf3 Kg7 57. Ke4 Kg6 58. Kd5 Kg7
59. Ke6 Rc7 60. Kf5 {Falke resigns} 1-0

[Event "ICS rated blitz match"]
[Site "204.178.125.65"]
[Date "1999.11.25"]
[Round "?"]
[White "Zippy"]
[Black "Hossa"]
[Result "1-0"]
[WhiteElo "2286"]
[BlackElo "2298"]
[PlyCount "107"]
[EventDate "1999.??.??"]

1. e4 d6 2. d4 Nf6 3. Nc3 g6 4. f4 Bg7 5. Nf3 O-O 6. Be2 d5 7. e5 Ne4 8. Nxe4
dxe4 9. Ng5 Nc6 10. Be3 Qd5 11. c4 Qa5+ 12. Bd2 Qa6 13. c5 b5 14. Bc3 Qb7 15.
d5 Nd8 16. c6 Qb6 17. Nxe4 Qe3 18. Qd4 Qxd4 19. Bxd4 f6 20. O-O-O Bh6 21. g3
Bf5 22. Nc5 Rf7 23. e6 Rg7 24. h4 Rc8 25. Be3 Rb8 26. g4 Bxg4 27. Bxg4 f5 28.
Be2 Rc8 29. Rdf1 b4 30. Bd4 a5 31. h5 g5 32. Rhg1 g4 33. Bd3 Ra8 34. Bxf5 a4
35. Nd3 b3 36. a3 Kf8 37. Bxg7+ Bxg7 38. Bxh7 Ra5 39. Be4 Nxe6 40. dxe6 Rxh5
41. Rxg4 Bd4 42. Rh1 Rxh1+ 43. Bxh1 Bg7 44. Nc5 Kg8 45. Nxa4 Kh8 46. Nb6 Bd4
47. Nd5 Kh7 48. Nxe7 Kh8 49. Rg8+ Kh7 50. Be4+ Kh6 51. Rg6+ Kh5 52. Bf3+ Kh4
53. Nf5+ Kh3 54. Rh6# {Hossa checkmated} 1-0

[Event "ICS rated standard match"]
[Site "204.178.125.65"]
[Date "1999.11.25"]
[Round "?"]
[White "Zippy"]
[Black "Hossa"]
[Result "0-1"]
[WhiteElo "2117"]
[BlackElo "2267"]
[PlyCount "152"]
[EventDate "1999.??.??"]

1. e4 c5 2. Nf3 e6 3. d4 cxd4 4. Nxd4 Nc6 5. Nc3 a6 6. Nxc6 bxc6 7. Qd4 d6 8.
Qa4 Bb7 9. Be2 Nf6 10. Be3 Be7 11. Qb3 Qc8 12. O-O O-O 13. Rad1 d5 14. Na4 Nd7
15. Bd3 Bd6 16. f4 Rb8 17. e5 Be7 18. Ba7 Ra8 19. Nb6 Bc5+ 20. Kh1 Bxb6 21.
Bxb6 c5 22. Ba5 c4 23. Bxh7+ Kxh7 24. Qh3+ Kg8 25. Bb4 Re8 26. a4 a5 27. Ba3
Bc6 28. b3 cxb3 29. cxb3 Qa6 30. Bd6 Qe2 31. Rde1 Qd2 32. Rd1 Qa2 33. Qf3 Rab8
34. Rd3 Ba8 35. Rf2 Qb1+ 36. Rf1 Qc2 37. Rf2 Qc6 38. f5 d4 39. Qxc6 Bxc6 40.
fxe6 fxe6 41. Bxb8 Rxb8 42. Rxd4 Rxb3 43. h4 Nxe5 44. Re2 Nf3 45. gxf3 Bxf3+
46. Rg2 Rb2 47. Rdg4 Bxg2+ 48. Rxg2 Rb4 49. Ra2 Rxh4+ 50. Kg2 Kf7 51. Kf3 g5
52. Ke3 e5 53. Ra1 Rb4 54. Ra3 g4 55. Ra2 Kf6 56. Ra1 Rf4 57. Ke2 Kg5 58. Ra3
Kf5 59. Ke1 Rf3 60. Ra1 g3 61. Ra2 Kf4 62. Rc2 Ra3 63. Kf1 Rxa4 64. Rc7 Kf3 65.
Rc3+ Kg4 66. Rc7 Kh3 67. Rh7+ Rh4 68. Rg7 Kh2 69. Rg8 Rf4+ 70. Ke1 g2 71. Rh8+
Kg3 72. Rh4 g1=Q+ 73. Kd2 Qd4+ 74. Kc1 Qc3+ 75. Kd1 Rf1+ 76. Ke2 76... Re1# {
Zippy checkmated} 0-1

[Event "ICS unrated blitz match"]
[Site "204.178.125.65"]
[Date "1999.11.25"]
[Round "?"]
[White "Moron"]
[Black "Hossa"]
[Result "1-0"]
[WhiteElo "2694"]
[BlackElo "2281"]
[PlyCount "39"]
[EventDate "1999.??.??"]

1. d4 d5 2. Nf3 Nf6 3. c4 e6 4. Nc3 Be7 5. Bg5 O-O 6. e3 Nbd7 7. Rc1 h6 8. Bh4
g5 9. Bg3 c5 10. cxd5 exd5 11. Be2 Re8 12. O-O a6 13. h4 g4 14. Nh2 h5 15. f3
b5 16. fxg4 b4 17. Na4 Ne4 18. Bf4 hxg4 19. Nxg4 Bxh4 20. Nh6+ {Hossa resigns}
1-0

[Event "ICS unrated blitz match"]
[Site "204.178.125.65"]
[Date "1999.11.25"]
[Round "?"]
[White "Hossa"]
[Black "Moron"]
[Result "0-1"]
[WhiteElo "2281"]
[BlackElo "2694"]
[PlyCount "128"]
[EventDate "1999.??.??"]

1. e4 e5 2. Nf3 Nc6 3. Bb5 a6 4. Ba4 Nf6 5. O-O Be7 6. Re1 b5 7. Bb3 d6 8. c3
O-O 9. h3 Bb7 10. d4 Re8 11. Nbd2 Bf8 12. a4 h6 13. axb5 axb5 14. Rxa8 Qxa8 15.
Qe2 Qa6 16. Qe3 exd4 17. cxd4 Nb4 18. Qc3 c5 19. d5 Nd7 20. Nf1 g6 21. N1h2 Bg7
22. Qd2 Nf6 23. Ng4 Nxe4 24. Nxh6+ Kf8 25. Ng5 Nxg5 26. Rxe8+ Kxe8 27. Qxg5 c4
28. Qe3+ Kf8 29. Qg5 Qb6 30. Bd1 Nd3 31. Be3 Qa5 32. Bd2 b4 33. Bf4 Qc7 34. b3
Qe7 35. Be3 Qxg5 36. Bxg5 c3 37. Ng4 Bxd5 38. Ne3 Be6 39. Bd8 Bd4 40. g4 Bxe3
41. fxe3 Ne1 42. h4 Bxg4 43. Kf1 c2 44. Bxc2 Nxc2 45. Kf2 Ke8 46. Bc7 Ke7 47.
Kg3 Be6 48. h5 gxh5 49. Kh4 Nxe3 50. Bb6 Nc2 51. Kxh5 Bxb3 52. Kh6 Bc4 53. Ba5
d5 54. Kg5 d4 55. Bc7 b3 56. Kh6 b2 57. Kg5 f6+ 58. Kg6 b1=Q 59. Bd8+ Ke6 60.
Bxf6 Ne3+ 61. Kg7 Qg1+ 62. Bg5 Qxg5+ 63. Kf8 Qh6+ 64. Ke8 64... Qh8# {
Hossa checkmated} 0-1

[Event "ICS rated standard match"]
[Site "204.178.125.65"]
[Date "1999.11.25"]
[Round "?"]
[White "Hossa"]
[Black "Nicy"]
[Result "1-0"]
[WhiteElo "2276"]
[BlackElo "2097"]
[PlyCount "26"]
[EventDate "1999.??.??"]

1. d4 f5 2. c4 Nf6 3. Bf4 e6 4. Nf3 d5 5. Nc3 c6 6. e3 Be7 7. Bd3 O-O 8. O-O
Bd7 9. Ne5 Be8 10. cxd5 cxd5 11. Qb3 Qb6 12. Qxb6 axb6 13. Nb5 13... Nc6 {
Nicy resigns} 1-0

[Event "ICS rated blitz match"]
[Site "204.178.125.65"]
[Date "1999.11.25"]
[Round "?"]
[White "Hossa"]
[Black "summit"]
[Result "0-1"]
[WhiteElo "2281"]
[BlackElo "2285"]
[PlyCount "136"]
[EventDate "1999.??.??"]

1. d4 Nf6 2. Nf3 e6 3. Bg5 h6 4. Bxf6 Qxf6 5. e4 d6 6. Nbd2 Nd7 7. Qe2 Be7 8.
e5 dxe5 9. dxe5 Qf5 10. O-O-O O-O 11. Qe4 Qxe4 12. Nxe4 Rd8 13. Bc4 a6 14. Rd2
b5 15. Bd3 Bb7 16. Rhd1 Nb6 17. g4 c5 18. Re1 Rd7 19. Bf1 Bd5 20. Kb1 Rad8 21.
Rd3 c4 22. Rd4 Bxe4 23. Rexe4 Bc5 24. Rxd7 Rxd7 25. Kc1 Bxf2 26. Re2 Bc5 27.
Re4 Nd5 28. a4 Ne3 29. Be2 bxa4 30. Kb1 Rb7 31. Bxc4 Rb4 32. Bd3 Rxe4 33. Bxe4
Nxg4 34. Bb7 a5 35. Ka2 Ne3 36. c3 Nd1 37. Nd2 a3 38. bxa3 Nxc3+ 39. Kb3 Nd5
40. Nc4 Bg1 41. h4 h5 42. Nxa5 Bf2 43. Bxd5 exd5 44. Nc6 Bxh4 45. a4 Bf2 46.
Ne7+ Kf8 47. Nxd5 h4 48. Nf4 Be3 49. Nh5 h3 50. Ng3 Bf4 51. Nh1 Bxe5 52. Kc4
Bc7 53. Kb5 g5 54. a5 Be5 55. a6 Bd4 56. Kc6 f5 57. Kb7 f4 58. a7 Bxa7 59. Kxa7
g4 60. Kb7 g3 61. Kc7 h2 62. Kd6 g2 63. Ng3 fxg3 64. Ke5 g1=Q 65. Ke6 Qe3+ 66.
Kd6 h1=Q 67. Kd7 Qe7+ 68. Kc8 68... Qhb7# {Hossa checkmated} 0-1

[Event "ICS rated blitz match"]
[Site "204.178.125.65"]
[Date "1999.11.25"]
[Round "?"]
[White "summit"]
[Black "Hossa"]
[Result "1/2-1/2"]
[WhiteElo "2303"]
[BlackElo "2265"]
[PlyCount "296"]
[EventDate "1999.??.??"]

1. b3 e5 2. Bb2 Nc6 3. c4 Bc5 4. Nf3 Nf6 5. Nc3 d6 6. e3 O-O 7. Be2 e4 8. Ng5
Re8 9. f3 exf3 10. Nxf3 Ne4 11. Na4 Bg4 12. Nxc5 dxc5 13. O-O Bxf3 14. Bxf3
Qxd2 15. Qxd2 Nxd2 16. Bxc6 bxc6 17. Rfe1 Rad8 18. Rad1 Rd6 19. Kf2 Red8 20.
Ke2 Ne4 21. Be5 Rd2+ 22. Rxd2 Rxd2+ 23. Kf3 Ng5+ 24. Kg3 Ne6 25. Ra1 f6 26. Bc3
Rd3 27. Rc1 Rxe3+ 28. Kf2 Re4 29. Re1 Rxe1 30. Bxe1 f5 31. Bc3 g5 32. Be5 Kf7
33. Kg3 Kg6 34. Kf3 h5 35. Ke3 a6 36. h3 h4 37. Kf3 Kf7 38. Bb2 Nd4+ 39. Ke3
f4+ 40. Ke4 Nc2 41. Kf5 Ne3+ 42. Kxg5 Nxg2 43. Kg4 Ne1 44. Bc3 Nd3 45. Ba5 Kg6
46. Bxc7 Nf2+ 47. Kxf4 Nxh3+ 48. Kg4 Nf2+ 49. Kxh4 Kf5 50. Kg3 Ne4+ 51. Kf3 Nc3
52. a4 Na2 53. Bf4 Nb4 54. Be3 Nd3 55. a5 Ke5 56. Ke2 Ke4 57. Bh6 Ne5 58. Kd2
Nf3+ 59. Kc2 Nd4+ 60. Kb2 Ne6 61. Kc3 Kf3 62. Bd2 Ke4 63. Bc1 Nd4 64. Ba3 Ne6
65. Kc2 Kf3 66. Kd3 Nf4+ 67. Kc3 Ne6 68. Bc1 Ke4 69. Bd2 Kf3 70. Be1 Nf4 71.
Bh4 Ke2 72. Bg5 Nd3 73. Be7 Ke3 74. Bd6 Ke2 75. Bf8 Ke3 76. Be7 Ke2 77. Kc2
Ne1+ 78. Kb2 Nd3+ 79. Ka3 Ke3 80. Bg5+ Ke4 81. Bh4 Ke5 82. Be7 Ke6 83. Bf8 Kf7
84. Bd6 Ke6 85. Bg3 Kf5 86. Ka2 Ke4 87. Bh4 Kd4 88. Bf6+ Ke3 89. Ka3 Ke4 90.
Ka4 Kf5 91. Bg7 Ke6 92. Bc3 Kf7 93. Ka3 Ke7 94. Bb2 Ke6 95. Bh8 Kf7 96. Ka4 Ke6
97. Bg7 Kf5 98. Ka3 Kg6 99. Bc3 Kf5 100. Bd2 Ke4 101. Bh6 Kf5 102. Bf8 Kf6 103.
b4 cxb4+ 104. Bxb4 c5 105. Bd2 Kf5 106. Kb3 Nf2 107. Bc3 Ne4 108. Bg7 Nd6 109.
Bh6 Kf6 110. Be3 Ne4 111. Kb2 Kf5 112. Kc2 Nd6 113. Kb3 Ne4 114. Bh6 Kg6 115.
Bf4 Kf6 116. Ka4 Kf5 117. Be3 Kg4 118. Bc1 Kf3 119. Kb3 Nd6 120. Bd2 Ke2 121.
Bf4 Nb7 122. Bc7 Kd2 123. Bb6 Kd3 124. Bc7 Kd4 125. Bb6 Nd6 126. Bd8 Nxc4 127.
Bb6 Kd5 128. Bd8 Nd2+ 129. Kc2 Nc4 130. Kb3 Nd2+ 131. Kc2 Nf3 132. Kd3 c4+ 133.
Kc3 Nd4 134. Kd2 Ke4 135. Kc3 Ne6 136. Kxc4 Ke5 137. Bh4 Kf5 138. Kd5 Nf4+ 139.
Kc5 Nd3+ 140. Kc4 Ke4 141. Bg3 Ke3 142. Bd6 Ke4 143. Bh2 Ne1 144. Kc5 Nf3 145.
Bd6 Nd4 146. Kb6 Kd5 147. Bf8 Nb3 148. Kxa6 148... Nxa5 {
Game drawn because neither player has mating material} 1/2-1/2

[Event "ICS unrated blitz match"]
[Site "204.178.125.65"]
[Date "1999.11.25"]
[Round "?"]
[White "Moron"]
[Black "Hossa"]
[Result "1-0"]
[WhiteElo "2699"]
[BlackElo "2267"]
[PlyCount "137"]
[EventDate "1999.??.??"]

1. d4 Nf6 2. c4 Nc6 3. Nf3 d6 4. Nc3 e5 5. d5 Ne7 6. e4 g6 7. Be2 Bg7 8. O-O
O-O 9. Ne1 Nd7 10. Be3 f5 11. f3 fxe4 12. Nxe4 Nf5 13. Bg5 Qe8 14. Nd3 Nd4 15.
Rc1 h6 16. Be3 Nb6 17. Qd2 Nxe2+ 18. Qxe2 Qa4 19. b3 Qa5 20. a4 Qa6 21. a5 Nxd5
22. cxd5 Qxa5 23. Qd2 Qxd2 24. Bxd2 Rf7 25. Rc2 Bf5 26. Rfc1 c5 27. dxc6 bxc6
28. Rxc6 d5 29. Nec5 g5 30. Nb4 d4 31. h4 a5 32. Nbd3 gxh4 33. Bxh6 Re8 34. Bg5
h3 35. Bd2 hxg2 36. Kxg2 Rb8 37. Bxa5 Bxd3 38. Nxd3 Rxb3 39. Rd1 Rf5 40. Bb4
Rg5+ 41. Kf2 Rf5 42. Kg3 Rg5+ 43. Kf2 Rf5 44. Rc8+ Kh7 45. Rh1+ Kg6 46. Rc6+
Bf6 47. Ke2 Kg7 48. Rc7+ Kg6 49. Bd2 Rxf3 50. Rg1+ Kf5 51. Kxf3 e4+ 52. Ke2
exd3+ 53. Kf3 Rb2 54. Rg2 Rb5 55. Rh2 Rb6 56. Rh5+ Ke6 57. Ke4 Rb2 58. Rhh7 Rb6
59. Rh6 Rb2 60. Rc6+ Kd7 61. Rcxf6 Ke7 62. Bg5 Ke8 63. Rh8+ Kd7 64. Rh7+ Ke8
65. Re6+ Kf8 66. Bh6+ Kg8 67. Rg7+ Kf8 68. Rd7+ Kg8 69. Re8# {Hossa checkmated}
1-0

[Event "ICS Rated standard match"]
[Site "204.178.125.65"]
[Date "1999.11.25"]
[Round "?"]
[White "Moron"]
[Black "Hossa"]
[Result "1/2-1/2"]
[WhiteElo "2626"]
[BlackElo "2284"]
[PlyCount "89"]
[EventDate "1999.??.??"]

1. Nf3 Nf6 2. c4 g6 3. Nc3 c5 4. d4 cxd4 5. Nxd4 Bg7 6. e4 O-O 7. Be2 Nc6 8.
Be3 d6 9. O-O Bd7 10. Qd2 Nxd4 11. Bxd4 Bc6 12. f3 Qa5 13. a3 Rfc8 14. b4 Qd8
15. Nd5 Bd7 16. Nxf6+ exf6 17. Rfd1 Ba4 18. Re1 Qe7 19. Rac1 Qe6 20. h4 Bb3 21.
Qd3 Ba4 22. h5 Bh6 23. Rb1 b5 24. c5 a5 25. Kf2 axb4 26. axb4 g5 27. Qc3 Ra6
28. Rb2 Rac6 29. Qe3 Bf8 30. Rc1 dxc5 31. bxc5 Bd6 32. Qd3 Bf4 33. Rcb1 Be5 34.
Rb4 Qe7 35. Be3 Rxc5 36. Bxc5 Qxc5+ 37. Kf1 Bc2 38. Qxb5 Qxb5 39. Bxb5 Bxb1 40.
Rxb1 Rc2 41. Ba4 Ra2 42. Bb3 Rd2 43. Rd1 Rb2 44. Bc4 Rc2 45. h6 {
Game drawn by mutual agreement} 1/2-1/2